00575nam a22002057a 4500003000400000005001700004008004100021020001900062040001700081050001900098082001300117100002200130245009900152250001100251260001900262300001200281440003900293600000600332650003100338OSt20170105103441.0120420t xxu||||| |||| 00| 0 eng d a 9781555813710 cASAB Library a616.9041 , MUR 29 th Ed. aPatrick R Murray  aManual of clinical microbiologyceditor in chief, Patrick R. Murray ; editors, Ellen Jo Baron  a9th Ed aUSAbASM Press a2218,xi aManual of clinical microbiologyv2 a  2MicrobiologyaMicrobiology